Informačná bezpečnost v malej firme bakalárska práca

Enregistré dans:
Détails bibliographiques
Auteur principal: Dubovská, Anna
Collectivité auteur: Fakulta hospodárskej informatiky EU. Katedra aplikovanej informatiky
Autres auteurs: Hlaváč, Július
Format: Livre
Langue:slovaque
Publié: Bratislava 2011
Tags: Ajouter un tag
Pas de tags, Soyez le premier à ajouter un tag!

MARC

LEADER 00000nbm a2200000 4500
001 0141128
005 20161109111736.3
041 0 |a slo 
044 |a SK 
245 1 0 |a Informačná bezpečnost v malej firme  |b bakalárska práca  |c Anna Dubovská ; školiteľ: Július Hlaváč 
264 1 |a Bratislava  |c 2011 
300 |a 40 s. 
100 1 |a Dubovská, Anna 
700 1 |a Hlaváč, Július 
710 2 |a Fakulta hospodárskej informatiky EU. Katedra aplikovanej informatiky